000 00369nam a2200145Ia 4500
008 151018s9999 xx 000 0 und d
082 _bRBASDV49041
_a891.463
245 _aप्रतिशोध
250 _b1
260 _bमेघना
_c2008
300 _a124
630 _aप्रतिशोध
730 _aप्रतिशोध
942 _cBOOK
999 _c1048164
_d1048161